Finish the Megamind Quotes Quiz Stats

 Plays Quiz not verified by Sporcle

Challenge
Share
Tweet
Embed
Score 0/15 Timer 03:00
0 Plays Today
Quote Fill in the Blank % Correct
Here's my day so far: went to jail, lost the _____ of my dreams and got my butt kicked pretty good.girl
89.2%
_____ drains my powers.Copper
83.2%
He would win some, I would _____ win others!almost
76.2%
There is no Easter Bunny. There is no Tooth Fairy. There is no _____ of _____.Queen of England
75.1%
Just a few alterations, and I will be done with your most terrifying cape yet! I'm calling it... The _____ _____.Black Mambaaaaaaaaaaaaa
71.4%
_____ up? The sun is _____ UP?*warming
69.8%
I'm your space _____! I've had some work done recently.stepmom
68.9%
Oooh, I'm shaking in my custom _____ _____ leather boots!baby seal
68.9%
Quote Fill in the Blank % Correct
I'm not allowed to _____ guests directly.insult
65.2%
His heart is an _____ that's inside a bigger _____*.ocean
64.7%
That was the day I met Mr. Goody-Two-Shoes, and our _____ rivalry was born!glorious
64.3%
And I'd be watching you, like a dingo watches a _____ _____.human baby
60.1%
Most of it came from an outlet store in ... _____.Romania
57.5%
[singing] I have eyes that can see right through _____.lead
56%
It's from Metro Man, to count every second of your __(#)__ life sentences.85
47.4%

You're not logged in!

Compare scores with friends on all Sporcle quizzes.
Join for Free
OR
Log In

You Might Also Like...

Show Comments

Extras

Top Quizzes Today


Score Distribution

Your Account Isn't Verified!

In order to create a playlist on Sporcle, you need to verify the email address you used during registration. Go to your Sporcle Settings to finish the process.

Report this User

Report this user for behavior that violates our Community Guidelines.

Details: